000 00941nam a2200241Ia 4500
008 130821s2012 xxuab gr eng
020 _a9780230296374
040 _aCo-BoUCM
_bspa
041 0 0 _aeng
100 1 _aTriandafyllidou, Anna
_967096
245 1 0 _aMigrant smuggling irregular migration from Asia and Africa to Europe
_cAnna Triandafyllidou yThanos Maroukis
260 _aNueva York (Estados Unidos)
_bPalgrave Macmillan
_c2012
300 _axii, 238 páginas
_bilustraciones cuadros, mapas
490 _aMigration, diasporas and citizenship
504 _aIncluye referencias bibliográficas e índice.
650 0 4 _aCiencia política
_9340
650 0 4 _aTrata de personas
_xAsia
_925806
650 0 4 _aTrata de personas
_zÁfrica
_925806
650 0 4 _aTrata de personas
_zEuropa
_925806
700 1 _aMaroukis, Thanos
_d1977-
_9160817
942 _cLIBRO
_a6
_e1
_mT731m
_2DEWEY
_h364.137
999 _c40889
_d40889